000 01886cam a2200445 a 4500
001 1853
003 FISKH
005 20231005083205.0
008 920528s1993 txua j 000 0beng
010 _a 92018086
020 _a0811472361 (hardcover)
020 _a0811480763 (softcover)
040 _aDLC
_cDLC
_dDLC
_beng
042 _alcac
043 _an-us---
050 0 0 _aD769.8.A6
_bC4 1993
082 0 0 _a940.53/1503956073
_220
100 1 _aChin, Steven A.,
_d1959-
245 1 0 _aWhen justice failed :
_bthe Fred Korematsu story /
_cby Steven A. Chin ; Alex Haley, general editor ; illustrations by David Tamura.
260 _aNew York :
_bSteck-Vaughn,
_c1993.
300 _a105 pages :
_billustrations ;
_c21 cm.
440 0 _aStories of America
505 _aZ'
520 _aRelates the life and experiences of the Japanese American who defied the order of internment during World War II and took his case as far as the Supreme Court.
521 8 _a960
_bLexile
521 8 _aZ'
_bRaz-Plus
600 1 0 _aKorematsu, Fred,
_d1919-2005
_vJuvenile literature.
600 1 1 _aKorematsu, Fred,
_d1919-2005.
650 0 _aJapanese Americans
_xForced removal and internment, 1942-1945
_vJuvenile literature.
650 0 _aJapanese Americans
_vBiography
_vJuvenile literature.
650 1 _aJapanese Americans
_xEvacuation and relocation, 1942-1945.
650 1 _aJapanese Americans
_vBiography.
650 1 _aJapanese Americans
_xReparations.
650 1 _aWorld War, 1939-1945
_zUnited States.
650 1 _aPrejudices.
700 1 _aTamura, David,
_eillustrator
906 _a7
_bcbc
_corignew
_d1
_eocip
_f19
_gy-gencatlg
942 _2ddc
_cBK
_n0
999 _c1853
_d1853